00842cam a22002054a 4500020003500000040000800035082002600043100002200069245005800091250001200149260005200161300003300213650001500246856006800261856006800329856006800397942000700465999001700472952014700489 a0072885246 (pbk. : alk. paper) cDLC00a301 MCG 2006 A072 Or.1 aMcIntyre, Lisa J.14aThe practical skeptic :bcore concepts in sociology / a3rd ed. aBoston :bMcGraw-Hill Higher Education,cc2006. axv, 269 p. :bill. ;c24 cm. 0aSociology.42uhttp://www.loc.gov/catdir/enhancements/fy0619/2004063593-d.html41uhttp://www.loc.gov/catdir/enhancements/fy0619/2004063593-t.html42uhttp://www.loc.gov/catdir/enhancements/fy0737/2004063593-b.html cEK c14844d14844 0010406301_000000000000000_MCG_2006_A072_OR70967549aLBAbLBAcA072d2017-10-27o301 MCG 2006 A072 Or.pA07096r2017-10-27w2017-10-27yEK